| 000 | 00718nam a2200217 i 4500 | ||
|---|---|---|---|
| 001 | 115342 | ||
| 003 | ES-MaACL | ||
| 005 | 20250825062548.0 | ||
| 007 | t| | ||
| 008 | 070307s1928 sp ||||1| spa d | ||
| 080 | _a821.134.2-23"19" | ||
| 100 | 1 |
_aAraquistáin, Luis, _d1886-1959 _922345 |
|
| 245 | 1 | 3 |
_aEl coloso de arcilla _b: drama en tres actos y en prosa / _cLuis Araquistáin. |
| 260 |
_aMadrid : _bPrensa Moderna, _c1928. |
||
| 300 |
_a71 p. ; _c17 cm. |
||
| 490 | 1 |
_aEl Teatro moderno ; _v127 |
|
| 500 | _aEstrenado en el Teatro del Centro, de Madrid, el 14 de diciembre de 1925. | ||
| 830 | 0 | 3 |
_aEl teatro moderno (Prensa Moderna) _v127 _9182365 |
| 852 |
_aES-MaACL _jC-13032 |
||
| 999 |
_c115342 _d115342 |
||